| 000 | 00743 a2200217 4500 | ||
|---|---|---|---|
| 010 | _aENG-89155 | ||
| 020 |
_a9780070223905 _c199.00 |
||
| 035 | _aEN-72688 | ||
| 037 | _bDBAD / PUB | ||
| 082 | _a158.1 | ||
| 090 |
_c10416 _d10416 |
||
| 100 | _aKukla, Andre | ||
| 245 |
_aMental traps: _cby Andre Kukla _bstupid things that Sane people do to mess up their minds |
||
| 260 |
_aNew Delhi _bTata McGraw-Hill Publishing _c2008 |
||
| 270 |
_a7, West Patel Nagar, _bNew Delhi _e110 008 |
||
| 300 |
_avi, 153p. _c21cm (pbk ) |
||
| 500 | _aIncludes index | ||
| 650 | _aSelf-actualization (Psychology) | ||
| 942 |
_adpl _cEN _k158.1 / KUK |
||
| 999 |
_c10153 _d10153 |
||